Europa Huvudstäder - Statistics

General Stats
  • This quiz has been taken 31 times
  • The average score is 22 of 49
Answer Stats
Answer % Correct
Stockholm
94%
Helsingfors
88%
Oslo
88%
Paris
88%
Köpenhamn
82%
London
82%
Madrid
82%
Berlin
76%
Rom
71%
Lissabon
65%
Moskva
65%
Sofia
65%
Amsterdam
59%
Dublin
59%
Aten
53%
Bern
53%
Kiev
53%
Prag
53%
Reykjavik
53%
Bryssel
41%
Budapest
41%
Luxemburg
41%
Monaco
41%
Riga
41%
Tallinn
41%
Zagreb
41%
Belgrad
35%
Bratislava
35%
Bukarest
35%
Ljubljana
35%
Minsk
35%
Tirana
35%
Vatikanstaten
35%
Vilnius
35%
Wien
35%
Sarajevo
29%
Skopje
29%
Warszawa
29%
Andorra la vella
24%
Chisinau
24%
Nicosia
24%
Podgorica
24%
Pristina
24%
Vaduz
24%
San Marino
18%
Valetta
18%
Edinburgh
12%
Belfast
6%
Torshamn
0%
No matching quizzes found
Score Distribution
Percent of People with Each Score
Percentile by Number Answered
Your Score History
You have not taken this quiz